Logo BPK

Biblioteka

Politechniki Koszalińskiej

Wielka encyklopedia geografii świata. (Rekord nr 33815)

Szczegóły MARC
000 -ETYKIETA REKORDU
podpole kontrolne o stałej długości 00914nam a2200277 i 4500
001 - NUMER KONTROLNY REKORDU
pole kontrolne bg
020 ## - MIĘDZYNARODOWY ZNORMALIZOWANY NUMER KSIĄŻKI - ISBN
ISBN 8386600373 (całość)
020 ## - MIĘDZYNARODOWY ZNORMALIZOWANY NUMER KSIĄŻKI - ISBN
ISBN 8387621234 (t.12)
040 ## - ŹRÓDŁO KATALOGOWANIA
Instytucja, która utworzyła rekord BPK
041 0# - KOD JĘZYKA
Kod języka tekstu pl
080 ## - UNIWERSALNA KLASYFIKACJA DZIESIĘTNA - UKD
UKD 911.3:314](03)
920 ## - Międzynarodowy znormalizowany numer książki – ISBN
ISBN 83-86600-37-3 (całość)
920 ## - Międzynarodowy znormalizowany numer książki – ISBN
ISBN 83-87621-23-4 (t.12)
008 - POLE O STAŁEJ DŁUGOŚCI - DANE KONTROLNE
podpole kontrolne o stałej długości s pl f |000 0 pol
245 00 - TYTUŁ/ODPOWIEDZIALNOŚĆ
Tytuł Wielka encyklopedia geografii świata.
Oznaczenie części/sekcji dzieła T. 12,
Tytuł części/sekcji dzieła Ludność świata /
Pozostałe elementy strefy tytułu i oznaczenia odpowiedzialności [aut. tomu] Tomasz Kaczmarek, Tadeusz Koralewski, Roman Matykowski ; kom. nauk. Andrzej Kostrzewski [et al.].
260 ## - STREFA ADRESU WYDAWNICZEGO
Miejsce wydania Poznań :
Nazwa wydawcy/dystrybutora Wydaw. Kurpisz,
Data publikacji, dystrybucji/powstania dokumentu 1998.
300 ## - STREFA OPISU FIZYCZNEGO
Objętość VI, 359 s. :
Inne cechy fizyczne fot., rys. kolor. ;
Rozmiary 30 cm.
504 ## - UWAGA DOTYCZĄCA BIBLIOGRAFII
Informacje o bibliografii Bibliogr. s. 355-359. - Indeks.
650 #9 - HASŁO PRZEDMIOTOWE W FORMIE NAZWY OGÓLNEJ LUB JEDNOSTKOWEJ
Nazwa ogólna lub geograficzna Geografia
650 #9 - HASŁO PRZEDMIOTOWE W FORMIE NAZWY OGÓLNEJ LUB JEDNOSTKOWEJ
Nazwa ogólna lub geograficzna Ludność
Określnik ogólny geografia
655 ## - TERMIN INDEKSOWY - OKREŚLENIE RODZAJU/FORMY DOKUMENTU
Określenie rodzaju/formy dokumentu Encyklopedie
700 1# - HASŁO DODATKOWE - NAZWA OSOBOWA
Nazwa osobowa KACZMAREK, Tomasz.
700 1# - HASŁO DODATKOWE - NAZWA OSOBOWA
Nazwa osobowa KORALEWSKI, Tadeusz.
700 1# - HASŁO DODATKOWE - NAZWA OSOBOWA
Nazwa osobowa MATYKOWSKI, Roman.
856 ## - LOKALIZACJA I DOSTĘP DO ELEKTRONICZNYCH DOKUMENTÓW ZDALNYCH
Link (URL) http://koha.tu.koszalin.pl/cgi-bin/koha/opac-detail.pl?biblionumber=33815
Tekst linku Katalog online BPK
942 ## - DODATKOWE ELEMENTY (KOHA)
Typ dokumentu Książka
Egzemplarze
Wycofany Status egzemplarza Uszkodzony Dostępność Lokalizacja stała Lokalizacja bieżąca Miejsce przechowywania Sygnatura Kod kreskowy Dział Typ dokumentu
      Tylko na miejscu Biblioteka Politechniki Koszalińskiej Biblioteka Politechniki Koszalińskiej Czytelnia BG 45412 01366877 911.3 Geografia człowieka Książka
© 2023 Biblioteka Politechniki Koszalińskiej :: KOHA